[Event "St Petersburg Korchnoi Memorial op"]
[Site "St Petersburg"]
[Date "2024.08.20"]
[Round "7"]
[White "Belov, Vadim V"]
[Black "Tumanova, Elizavetta"]
[Result "1/2-1/2"]
[WhiteElo "1458"]
[BlackElo "1635"]
[PlyCount "222"]
[EventDate "2024.08.17"]
[EventType "swiss"]
[EventRounds "9"]
[EventCountry "RUS"]
[SourceTitle "EXT 2025"]
[Source "ChessBase"]
[SourceDate "2024.10.14"]
[SourceVersion "1"]
[SourceVersionDate "2024.10.14"]
[SourceQuality "1"]

1. d4 Nf6 2. Bf4 g6 3. e3 Bg7 4. Nf3 d6 5. h3 c5 6. c3 Qb6 7. Qc1 Nd5 8. Bg3 Nc6 9. Nbd2 cxd4 10. exd4 0-0 11. Nc4 Qd8 12. Be2 a6 13. a4 Rb8 14. a5 h6 15. 0-0 Be6 16. Nfd2 Nc7 17. Re1 Na8 18. Bf3 Bxc4 19. Nxc4 Rc8 20. Nd2 Nxa5 21. Qd1 Nc6 22. Qb3 Rb8 23. Bh4 g5 24. Bg3 Nc7 25. Nc4 Nb5 26. Ne3 Nc7 27. Nf5 Ne8 28. Qa3 Bf6 29. Nxh6+ Kh7 30. Nf5 Ng7 31. Bxc6 bxc6 32. Nxg7 Kxg7 33. Re2 Rb6 34. b4 Qd7 35. Qa5 Qb7 36. f4 gxf4 37. Bxf4 d5 38. Be5 Bxe5 39. Rxe5 f6 40. Re6 Rf7 41. Qa2 Kf8 42. Qd2 Rg7 43. Qh6 a5 44. Rae1 Kg8 45. bxa5 Rb2 46. R6e2 Rxe2 47. Rxe2 Qb1+ 48. Kh2 Qb8+ 49. Kg1 Qb1+ 50. Kf2 Qf5+ 51. Ke1 Qb1+ 52. Kd2 Qa2+ 53. Ke1 Qxa5 54. Qe3 Qc7 55. g4 Kf8 56. Rf2 Kg8 57. h4 Qc8 58. g5 fxg5 59. hxg5 Qg4 60. Qe5 Rxg5 61. Qxe7 Qg1+ 62. Ke2 Rg2 63. Qf8+ Kh7 64. Qf7+ Kh8 65. Qf6+ Kg8 66. Qf7+ Kh8 67. Qf3 Rxf2+ 68. Qxf2 Qg4+ 69. Kd2 Qg5+ 70. Kc2 Qg6+ 71. Kb3 Qb1+ 72. Qb2 Qd3 73. Qh2+ Kg8 74. Qb8+ Kf7 75. Qc7+ Kf8 76. Qxc6 Qb1+ 77. Ka4 Qa2+ 78. Kb5 Qb3+ 79. Ka6 Qa3+ 80. Kb7 Qb3+ 81. Kc7 Ke7 82. Qd6+ Kf7 83. Qb4 Qa2 84. Kd6 Qa6+ 85. Kxd5 Qe6+ 86. Kc5 Qc8+ 87. Kb5 Qd7+ 88. Ka5 Qa7+ 89. Kb5 Qd7+ 90. Kc4 Qe6+ 91. d5 Qe4+ 92. Kc5 Qe7+ 93. d6 Qe5+ 94. Kc6 Qe8+ 95. d7 Qa8+ 96. Qb7 Qa4+ 97. Kc7 Qa5+ 98. Kb8 Qd8+ 99. Qc8 Qb6+ 100. Ka8 Qa5+ 101. Kb8 Qb6+ 102. Qb7 Qd8+ 103. Ka7 Qa5+ 104. Qa6 Qc7+ 105. Ka8 Qd8+ 106. Qc8 Qa5+ 107. Kb7 Qb5+ 108. Kc7 Qc5+ 109. Kd8 Qg5+ 110. Kc7 Qc5+ 111. Kb8 Qb6+ 1/2-1/2

[Event "Chigorin Memorial 30th"]
[Site "St Petersburg"]
[Date "2023.10.24"]
[Round "4"]
[White "Fomina, Elizaveta"]
[Black "Belov, Vadim V"]
[Result "1-0"]
[WhiteElo "1451"]
[BlackElo "1109"]
[PlyCount "107"]
[EventDate "2023.10.21"]
[EventType "swiss"]
[EventRounds "9"]
[EventCountry "RUS"]
[SourceTitle "CBM 216 Extra"]
[Source "ChessBase"]
[SourceDate "2023.11.30"]
[SourceVersion "1"]
[SourceVersionDate "2023.11.30"]
[SourceQuality "1"]

1. d4 Nf6 2. c4 e6 3. Nc3 d5 4. cxd5 Nxd5 5. e4 Nxc3 6. bxc3 c5 7. Nf3 cxd4 8. cxd4 Bb4+ 9. Bd2 Bxd2+ 10. Qxd2 0-0 11. Bc4 Nd7 12. 0-0 Nf6 13. e5 Nd5 14. Ng5 h6 15. Ne4 Bd7 16. Bxd5 exd5 17. Nd6 Rb8 18. Rab1 Qe7 19. f4 Bc6 20. Rb3 f6 21. Rg3 f5 22. Qd3 Bd7 23. Rh3 b5 24. Rh5 Qe6 25. Rf3 Qg6 26. Rh4 Rb6 27. g4 Rxd6 28. exd6 Qxd6 29. g5 hxg5 30. fxg5 Qe7 31. Qd2 f4 32. Rhxf4 Qxg5+ 33. Kh1 Rxf4 34. Qxf4 Qxf4 35. Rxf4 g6 36. Rf6 Bf5 37. Ra6 Kg7 38. Kg2 Kh6 39. Rxa7 Kg5 40. Kg3 Bd3 41. h4+ Kf5 42. Re7 Be4 43. Re5+ Kf6 44. Kf4 Bg2 45. Re8 Bf1 46. Rb8 Bd3 47. Rb6+ Kf7 48. Ke5 Bc4 49. Rb7+ Kf8 50. Kf6 Ke8 51. Kxg6 Bd3+ 52. Kf6 Bf1 53. h5 Bd3 54. h6 1-0

[Event "Chigorin Memorial 30th"]
[Site "St Petersburg"]
[Date "2023.10.21"]
[Round "1"]
[White "Belov, Vadim V"]
[Black "Romanov, Vasily"]
[Result "0-1"]
[WhiteElo "1109"]
[BlackElo "1862"]
[PlyCount "156"]
[EventDate "2023.10.21"]
[EventType "swiss"]
[EventRounds "9"]
[EventCountry "RUS"]
[SourceTitle "CBM 216 Extra"]
[Source "ChessBase"]
[SourceDate "2023.11.30"]
[SourceVersion "1"]
[SourceVersionDate "2023.11.30"]
[SourceQuality "1"]

1. d4 Nf6 2. Bf4 d5 3. e3 e6 4. Nf3 c5 5. c3 Bd6 6. Bg3 0-0 7. Nbd2 Qc7 8. Ne5 Nc6 9. f4 c4 10. b3 b5 11. b4 a5 12. Nxc6 Qxc6 13. a3 axb4 14. axb4 Bb7 15. Be2 Rxa1 16. Qxa1 Ra8 17. Qc1 Ra2 18. 0-0 Qa6 19. Bf3 Qa4 20. Bd1 Qa3 21. Bc2 Kf8 22. Qxa3 Rxa3 23. Nb1 Ra2 24. Rc1 Ra1 25. Kf1 Nd7 26. Ke1 Nb6 27. Kd1 Bc6 28. Nd2 Ra3 29. Nb1 Ra2 30. Nd2 Na4 31. Bxa4 bxa4 32. Rc2 Ra3 33. Kc1 Ra1+ 34. Kb2 Rd1 35. Nf3 f6 36. Rd2 Rf1 37. Rf2 Rd1 38. Rd2 Rh1 39. Re2 Rd1 40. Rd2 Rf1 41. Rf2 Rxf2+ 42. Bxf2 Ke7 43. Bg3 Kd7 44. h4 Kc7 45. Nd2 Be8 46. Nb1 Bg6 47. Nd2 Kb6 48. Bf2 Bd3 49. g3 Be2 50. e4 Bd3 51. e5 Be7 52. exf6 gxf6 53. Nf3 Be4 54. Nd2 Bg2 55. Nb1 h5 56. Nd2 Bd6 57. Nb1 Be4 58. Nd2 Bd3 59. Nb1 Kb5 60. Na3+ Kc6 61. Nc2 Kb5 62. Na3+ Ka6 63. Nc2 Be4 64. Ne3 e5 65. dxe5 fxe5 66. fxe5 Bxe5 67. g4 hxg4 68. Nxg4 a3+ 69. Kxa3 Bxc3 70. Ka4 Bc2+ 71. Ka3 Kb5 72. Bc5 d4 73. Nf2 d3 74. Ne4 Be5 75. Bd6 Bg7 76. Bf4 c3 77. Nd6+ Kc6 78. Ne4 Kd5 0-1